000 01011nam a2200289a 4500
999 _c812
_d812
003 OSt
005 20210621072959.0
008 000000u19810000xxu j 033 uueng d
020 _a0669031135
040 _cALUPE UNIVERSITY
_dALUPE UNIVERSITY
050 _aQC23
_b.P57 1981
092 0 _a530 P57 1981
110 2 _aPhysical Science Study Committee.
245 1 0 _aPhysics /
_cUri Haber-Schaim ... [et al.]
250 _a5th ed.
260 _aLexington, Mass. :
_bHeath,
_cc1981.
300 _avii, 583 p., [1] leaf of plates :
_bill. ;
_c27 cm. &
_eLaboratory guide.
500 _aAt head of title: PSSC.
500 _aIncludes bibliographies and index.
590 _aLocal series: University of Saskatchewan Education Library Historical Textbook Collection.
650 0 _aPhysics.
700 1 _aHaber-Schaim, Uri,
_d1926-
810 2 _aUniversity of Saskatchewan.
_bLibrary.
_bEducation Library.
_tHistorical Textbook Collection.
_5UOH.
907 _a.b13136045
942 _2lcc
_cBK
_nDO